| 000 | 00597pab a2200181 454500 | ||
|---|---|---|---|
| 008 | 180718b2015 xxu||||| |||| 00| 0 eng d | ||
| 100 | _aSharma, Sakshi | ||
| 245 | _aSocial support and its relationship of work life balance- a study of medical professionals in government hospitals of Himachal Pradesh | ||
| 260 | _c2015 | ||
| 300 | _ap.56-66. | ||
| 362 | _aApr-Jun | ||
| 650 | _aHospitals - India - Himachal Pradesh | ||
| 650 | _aMedical personnel - India - Himachal Pradesh | ||
| 650 | _aMedical personnel | ||
| 700 | _aParmar, Jai Singh | ||
| 773 | _aProductivity | ||
| 909 | _a108039 | ||
| 999 |
_c108034 _d108034 |
||